| 000 | 01162nam a22002537a 4500 | ||
|---|---|---|---|
| 005 | 20170124102937.0 | ||
| 010 | _aA-699630 | ||
| 020 | _c200.00 | ||
| 035 | _aA-699630 | ||
| 037 | _bCen Lib/Ret | ||
| 040 |
_aDPL _bHN |
||
| 082 |
_a821.08 _bपाण्डेय |
||
| 100 |
_aपाण्डेय, राजनारायण _944529 |
||
| 245 |
_aमहाकवि पुष्पदन्त : _cराजनारायण पाण्डेय _b10 वीं शदी का एक अपभ्रंश कवि / |
||
| 246 |
_aMahakavi pushpdant : 10 vi shadi ka ek apbhransh kavi / _bby Rajnarayan Pandey |
||
| 260 |
_aजयपुर _bचिन्मय प्रकाशन _c1995 |
||
| 270 |
_aचौड़ा रास्ता _bजयपुर _e302 003 |
||
| 300 |
_a304पृ. _c21सेमी (सजिल्द) |
||
| 650 |
_aहिन्दी -- साहित्य _947081 |
||
| 650 |
_aहिन्दी -- कवि की रचनाएं _944317 |
||
| 650 |
_aHindi - literature _947082 |
||
| 650 |
_aHindi - Poet's compositions _947083 |
||
| 942 |
_2ddc _cHN _h821.08 _mपाण्डेय |
||
| 999 |
_c112367 _d112367 |
||